<?xml version="1.0" encoding="UTF-8"?>
<collection xmlns="http://www.loc.gov/MARC21/slim">
 <record>
  <leader>02265nam a2200397 i 4500</leader>
  <controlfield tag="001">1/21217</controlfield>
  <controlfield tag="008">760916s1977    nyua     e    00010 eng  </controlfield>
  <datafield tag="020" ind1=" " ind2=" ">
   <subfield code="a">0070795908</subfield>
  </datafield>
  <datafield tag="035" ind1=" " ind2=" ">
   <subfield code="l">21836</subfield>
  </datafield>
  <datafield tag="040" ind1=" " ind2=" ">
   <subfield code="a">GR-PeUP</subfield>
  </datafield>
  <datafield tag="082" ind1="0" ind2="0">
   <subfield code="a">503 McG</subfield>
  </datafield>
  <datafield tag="090" ind1=" " ind2=" ">
   <subfield code="a">R 503 McG</subfield>
  </datafield>
  <datafield tag="245" ind1="0" ind2="0">
   <subfield code="a">McGraw-Hill encyclopedia of science and technology :</subfield>
   <subfield code="b">an international reference work in fifteen volumes including an index.</subfield>
  </datafield>
  <datafield tag="250" ind1=" " ind2=" ">
   <subfield code="a">[4th ed.].</subfield>
  </datafield>
  <datafield tag="260" ind1=" " ind2=" ">
   <subfield code="a">New York :</subfield>
   <subfield code="b">McGraw-Hill,</subfield>
   <subfield code="c">c1977.</subfield>
  </datafield>
  <datafield tag="300" ind1=" " ind2=" ">
   <subfield code="a">15 v. :</subfield>
   <subfield code="b">ill. ;</subfield>
   <subfield code="c">28 cm.</subfield>
  </datafield>
  <datafield tag="500" ind1=" " ind2=" ">
   <subfield code="a">Accompanied by Readers' guide (33 p.) and Study guide (50 p.)</subfield>
  </datafield>
  <datafield tag="650" ind1=" " ind2="4">
   <subfield code="a">Science</subfield>
   <subfield code="x">Encyclopedias.</subfield>
  </datafield>
  <datafield tag="650" ind1=" " ind2="4">
   <subfield code="a">Technology</subfield>
   <subfield code="x">Encyclopaedias.</subfield>
  </datafield>
  <datafield tag="650" ind1=" " ind2="4">
   <subfield code="a">Encyclopedia of science and technology.</subfield>
  </datafield>
  <datafield tag="852" ind1=" " ind2=" ">
   <subfield code="a">INST</subfield>
   <subfield code="b">UNIPILB</subfield>
   <subfield code="c">REF</subfield>
   <subfield code="e">20040709</subfield>
   <subfield code="h">503 McG</subfield>
   <subfield code="p">00106081</subfield>
   <subfield code="q">00106081</subfield>
   <subfield code="t">NOLOAN</subfield>
   <subfield code="v">v.1:</subfield>
   <subfield code="y">23</subfield>
   <subfield code="z">v.1</subfield>
   <subfield code="4">1</subfield>
  </datafield>
  <datafield tag="852" ind1=" " ind2=" ">
   <subfield code="a">INST</subfield>
   <subfield code="b">UNIPILB</subfield>
   <subfield code="c">REF</subfield>
   <subfield code="e">20040709</subfield>
   <subfield code="h">503 McG</subfield>
   <subfield code="p">00106082</subfield>
   <subfield code="q">00106082</subfield>
   <subfield code="t">NOLOAN</subfield>
   <subfield code="v">v.2:</subfield>
   <subfield code="y">23</subfield>
   <subfield code="z">v.2</subfield>
   <subfield code="4">1</subfield>
  </datafield>
  <datafield tag="852" ind1=" " ind2=" ">
   <subfield code="a">INST</subfield>
   <subfield code="b">UNIPILB</subfield>
   <subfield code="c">REF</subfield>
   <subfield code="e">20040709</subfield>
   <subfield code="h">503 McG</subfield>
   <subfield code="p">00106083</subfield>
   <subfield code="q">00106083</subfield>
   <subfield code="t">NOLOAN</subfield>
   <subfield code="v">v.3:</subfield>
   <subfield code="y">23</subfield>
   <subfield code="z">v.3</subfield>
   <subfield code="4">1</subfield>
  </datafield>
  <datafield tag="852" ind1=" " ind2=" ">
   <subfield code="a">INST</subfield>
   <subfield code="b">UNIPILB</subfield>
   <subfield code="c">REF</subfield>
   <subfield code="e">20040709</subfield>
   <subfield code="h">503 McG</subfield>
   <subfield code="p">00106084</subfield>
   <subfield code="q">00106084</subfield>
   <subfield code="t">NOLOAN</subfield>
   <subfield code="v">v.4:</subfield>
   <subfield code="y">23</subfield>
   <subfield code="z">v.4</subfield>
   <subfield code="4">1</subfield>
  </datafield>
  <datafield tag="852" ind1=" " ind2=" ">
   <subfield code="a">INST</subfield>
   <subfield code="b">UNIPILB</subfield>
   <subfield code="c">REF</subfield>
   <subfield code="e">20040709</subfield>
   <subfield code="h">503 McG</subfield>
   <subfield code="p">00106085</subfield>
   <subfield code="q">00106085</subfield>
   <subfield code="t">NOLOAN</subfield>
   <subfield code="v">v.5:</subfield>
   <subfield code="y">23</subfield>
   <subfield code="z">v.5</subfield>
   <subfield code="4">1</subfield>
  </datafield>
  <datafield tag="852" ind1=" " ind2=" ">
   <subfield code="a">INST</subfield>
   <subfield code="b">UNIPILB</subfield>
   <subfield code="c">REF</subfield>
   <subfield code="e">20040709</subfield>
   <subfield code="h">503 McG</subfield>
   <subfield code="p">00106086</subfield>
   <subfield code="q">00106086</subfield>
   <subfield code="t">NOLOAN</subfield>
   <subfield code="v">v.6:</subfield>
   <subfield code="y">23</subfield>
   <subfield code="z">v.6</subfield>
   <subfield code="4">1</subfield>
  </datafield>
  <datafield tag="852" ind1=" " ind2=" ">
   <subfield code="a">INST</subfield>
   <subfield code="b">UNIPILB</subfield>
   <subfield code="c">REF</subfield>
   <subfield code="e">20040709</subfield>
   <subfield code="h">503 McG</subfield>
   <subfield code="p">00106087</subfield>
   <subfield code="q">00106087</subfield>
   <subfield code="t">NOLOAN</subfield>
   <subfield code="v">v.7:</subfield>
   <subfield code="y">23</subfield>
   <subfield code="z">v.7</subfield>
   <subfield code="4">1</subfield>
  </datafield>
  <datafield tag="852" ind1=" " ind2=" ">
   <subfield code="a">INST</subfield>
   <subfield code="b">UNIPILB</subfield>
   <subfield code="c">REF</subfield>
   <subfield code="e">20040709</subfield>
   <subfield code="h">503 McG</subfield>
   <subfield code="p">00106088</subfield>
   <subfield code="q">00106088</subfield>
   <subfield code="t">NOLOAN</subfield>
   <subfield code="v">v.8:</subfield>
   <subfield code="y">23</subfield>
   <subfield code="z">v.8</subfield>
   <subfield code="4">1</subfield>
  </datafield>
  <datafield tag="852" ind1=" " ind2=" ">
   <subfield code="a">INST</subfield>
   <subfield code="b">UNIPILB</subfield>
   <subfield code="c">REF</subfield>
   <subfield code="e">20040709</subfield>
   <subfield code="h">503 McG</subfield>
   <subfield code="p">00106089</subfield>
   <subfield code="q">00106089</subfield>
   <subfield code="t">NOLOAN</subfield>
   <subfield code="v">v.9:</subfield>
   <subfield code="y">23</subfield>
   <subfield code="z">v.9</subfield>
   <subfield code="4">1</subfield>
  </datafield>
  <datafield tag="852" ind1=" " ind2=" ">
   <subfield code="a">INST</subfield>
   <subfield code="b">UNIPILB</subfield>
   <subfield code="c">REF</subfield>
   <subfield code="e">20040709</subfield>
   <subfield code="h">503 McG</subfield>
   <subfield code="p">00106090</subfield>
   <subfield code="q">00106090</subfield>
   <subfield code="t">NOLOAN</subfield>
   <subfield code="v">v.10:</subfield>
   <subfield code="y">23</subfield>
   <subfield code="z">v.10</subfield>
   <subfield code="4">1</subfield>
  </datafield>
  <datafield tag="852" ind1=" " ind2=" ">
   <subfield code="a">INST</subfield>
   <subfield code="b">UNIPILB</subfield>
   <subfield code="c">REF</subfield>
   <subfield code="e">20040709</subfield>
   <subfield code="h">503 McG</subfield>
   <subfield code="p">00106091</subfield>
   <subfield code="q">00106091</subfield>
   <subfield code="t">NOLOAN</subfield>
   <subfield code="v">v.11:</subfield>
   <subfield code="y">23</subfield>
   <subfield code="z">v.11</subfield>
   <subfield code="4">1</subfield>
  </datafield>
  <datafield tag="852" ind1=" " ind2=" ">
   <subfield code="a">INST</subfield>
   <subfield code="b">UNIPILB</subfield>
   <subfield code="c">REF</subfield>
   <subfield code="e">20040709</subfield>
   <subfield code="h">503 McG</subfield>
   <subfield code="p">00106092</subfield>
   <subfield code="q">00106092</subfield>
   <subfield code="t">NOLOAN</subfield>
   <subfield code="v">v.12:</subfield>
   <subfield code="y">23</subfield>
   <subfield code="z">v.12</subfield>
   <subfield code="4">1</subfield>
  </datafield>
  <datafield tag="852" ind1=" " ind2=" ">
   <subfield code="a">INST</subfield>
   <subfield code="b">UNIPILB</subfield>
   <subfield code="c">REF</subfield>
   <subfield code="e">20040709</subfield>
   <subfield code="h">503 McG</subfield>
   <subfield code="p">00106093</subfield>
   <subfield code="q">00106093</subfield>
   <subfield code="t">NOLOAN</subfield>
   <subfield code="v">v.13:</subfield>
   <subfield code="y">23</subfield>
   <subfield code="z">v.13</subfield>
   <subfield code="4">1</subfield>
  </datafield>
  <datafield tag="852" ind1=" " ind2=" ">
   <subfield code="a">INST</subfield>
   <subfield code="b">UNIPILB</subfield>
   <subfield code="c">REF</subfield>
   <subfield code="e">20040709</subfield>
   <subfield code="h">503 McG</subfield>
   <subfield code="p">00106094</subfield>
   <subfield code="q">00106094</subfield>
   <subfield code="t">NOLOAN</subfield>
   <subfield code="v">v.14:</subfield>
   <subfield code="y">23</subfield>
   <subfield code="z">v.14</subfield>
   <subfield code="4">1</subfield>
  </datafield>
  <datafield tag="852" ind1=" " ind2=" ">
   <subfield code="a">INST</subfield>
   <subfield code="b">UNIPILB</subfield>
   <subfield code="c">REF</subfield>
   <subfield code="e">20040709</subfield>
   <subfield code="h">503 McG</subfield>
   <subfield code="p">00106095</subfield>
   <subfield code="q">00106095</subfield>
   <subfield code="t">NOLOAN</subfield>
   <subfield code="v">v.15:</subfield>
   <subfield code="y">23</subfield>
   <subfield code="z">v.15</subfield>
   <subfield code="4">1</subfield>
  </datafield>
  <datafield tag="856" ind1="4" ind2=" ">
   <subfield code="d">/webopac/covers/01/21836_0070795908.jpg</subfield>
  </datafield>
 </record>
</collection>
